01267nam a2200277 a 4500001001000000005001700010041000800027044000800035084002000043100004500063245011500108260003200223300002200255500025200277500003900529500007300568500001000641546002400651650005200675650005600727650003400783650004500817700004900862700002800911740005000939BRCA_338520190320204244.0 aeng aenk a674b.G74c19021 aCervantes Saavedra, Miguel ded1547-161610aThe History of the Ingenious Gentleman Don Quixote of La ManchacTranslated from the Spanish by P. A. Motteux. aEdinburgobJohn Grantc1902 a4 v.bil.c27 cm. aContenido : v.1. Primera parte. Retrato de Cervantes. Advertencia del editor. Vida de Cervantes por Lockhart. Prólogo del autor. -- v.2. Primera parte. Texto. Notas. -- v.3. Segunda parte. Prólogo del autor. -- v.4. Segunda parte. Texto. Notas aEdición : Illustrated by Lalauze aEjemplar por completo igual al anterior [673]. Tela Lúdovik Osterc aQM490 aTexto en : inglés14aNovela españolayÉpoca clásica, 1500-170014aLiteratura españolayÉpoca clásica, 1500-170014aNovela españolaySiglo XVII14aDon Quijote (Personaje ficticio)eNovela1 aMotteux, Peter Anthonyd1663-1718eTraductor1 aLalauze, A.eIlustrador0 aEl Ingenioso Hidalgo Don Quijote de la Mancha